Statystyki dla Kraje najbliżej Liberii

Kliknij tutaj aby rozwiązać quiz!

Ogólne statystyki

  • Ten quiz został rozwiązany 13 razy
  • Średni wynik to 13 z 20

Statystyki odpowiedzi

kmkraj% Poprawnych
469Ghana
91%
0Gwinea
91%
281Mali
91%
1203Niger
82%
1118Nigeria
82%
886Togo
82%
1811Algieria
73%
997Benin
73%
0Côte d'Ivoire
73%
519Gwinea Bissau
73%
721Mauretania
73%
0Sierra Leone
73%
665Gambia
64%
452Senegal
64%
450Burkina Faso
55%
1778Kamerun
55%
1620Wyspy Świętego
Tomasza i Książeca
55%
1574Cabo Verde
45%
1773Gwinea Równikowa
36%
1458Sahara Zachodnia
9%

Rozkład punktacji

Percentyl według liczby udzielonych odpowiedzi

Procent ludzi z każdym wynikiem

Twoja historia wyników

Nie rozwiązałeś tego quizu